[Event "2023 US National Elementary K-6 Championship"]
[Site "Baltimore, Maryland, United States"]
[Date "2023.05.14"]
[Round "6.17"]
[White "Sha, Yi"]
[Black "Shangin, Lev"]
[Result "0-1"]
[TimeControl "G/90; d10"]
[WhiteElo "1758"]
[BlackElo "1891"]

1. d4 {[%emt 00:00:17]} Nf6 {[%clk 01:29:51]} {[%emt 00:00:14]} 2. Nf3 {[%clk
01:29:59]} {[%emt 00:00:07]} d5 {[%clk 01:29:27]} {[%emt 00:00:33]} 3. c4
{[%clk 01:29:58]} {[%emt 00:00:15]} e6 {[%clk 01:29:24]} {[%emt 00:00:16]} 4.
Nc3 {[%clk 01:29:49]} {[%emt 00:00:11]} dxc4 {[%clk 01:28:58]} {[%emt
00:00:40]} 5. e4 {[%clk 01:29:37]} {[%emt 00:00:19]} b5 {[%clk 01:28:58]}
{[%emt 00:00:10]} 6. e5 {[%clk 01:28:46]} {[%emt 00:01:08]} Nd5 {[%clk
01:28:53]} {[%emt 00:00:07]} 7. Nxb5 {[%clk 01:27:13]} {[%emt 00:01:43]} Nb6
{[%clk 01:28:18]} {[%emt 00:01:03]} 8. Nc3 {[%clk 01:25:27]} {[%emt 00:01:38]}
Nc6 {[%clk 01:26:53]} {[%emt 00:01:37]} 9. Be3 {[%clk 01:24:01]} {[%emt
00:01:34]} Be7 {[%clk 01:24:44]} {[%emt 00:02:19]} 10. Be2 {[%clk 01:22:01]}
{[%emt 00:02:11]} Bb7 {[%clk 01:24:08]} {[%emt 00:00:56]} 11. O-O {[%clk
01:19:57]} {[%emt 00:02:08]} O-O {[%clk 01:23:39]} {[%emt 00:00:44]} 12. b3
{[%clk 01:17:54]} {[%emt 00:02:03]} cxb3 {[%clk 01:22:32]} {[%emt 00:01:16]} 13.
axb3 {[%clk 01:15:49]} {[%emt 00:02:14]} Nb4 {[%clk 01:18:52]} {[%emt
00:03:51]} 14. Nb5 {[%clk 01:10:18]} {[%emt 00:05:43]} a6 {[%clk 01:17:41]}
{[%emt 00:01:22]} 15. Na3 {[%clk 01:09:33]} {[%emt 00:00:52]} Be4 {[%clk
01:12:54]} {[%emt 00:04:57]} 16. Nd2 {[%clk 01:07:51]} {[%emt 00:02:07]} Bg6
{[%clk 01:10:29]} {[%emt 00:02:23]} 17. Ndc4 {[%clk 01:06:18]} {[%emt
00:01:40]} N6d5 {[%clk 01:09:41]} {[%emt 00:01:03]} 18. Qd2 {[%clk 01:04:38]}
{[%emt 00:01:44]} Rb8 {[%clk 01:04:38]} {[%emt 00:05:22]} 19. Na5 {[%clk
01:00:37]} {[%emt 00:04:03]} Qd7 {[%clk 01:03:41]} {[%emt 00:01:07]} 20. Rfc1
{[%clk 00:57:41]} {[%emt 00:03:06]} Nxe3 {[%clk 01:03:09]} {[%emt 00:00:44]} 21.
Qxe3 {[%clk 00:55:50]} {[%emt 00:01:58]} Nd5 {[%clk 01:02:55]} {[%emt
00:00:33]} 22. Qg3 {[%clk 00:54:48]} {[%emt 00:01:03]} Nb4 {[%clk 01:00:37]}
{[%emt 00:03:01]} 23. Qc3 {[%clk 00:51:16]} {[%emt 00:03:39]} Bg5 {[%clk
00:52:19]} {[%emt 00:07:58]} 24. Qxc7 {[%clk 00:48:51]} {[%emt 00:02:41]} Qxd4
{[%clk 00:52:02]} {[%emt 00:00:21]} 25. Rd1 {[%clk 00:48:05]} {[%emt 00:00:58]}
Qb2 {[%clk 00:50:36]} {[%emt 00:01:41]} 26. Bf3 {[%clk 00:44:48]} {[%emt
00:03:20]} Nd3 {[%clk 00:49:25]} {[%emt 00:01:22]} 27. Rf1 {[%clk 00:40:28]}
{[%emt 00:04:33]} Rfc8 {[%clk 00:44:24]} {[%emt 00:05:09]} 28. Qd6 {[%clk
00:37:53]} {[%emt 00:02:54]} Nxe5 {[%clk 00:42:03]} {[%emt 00:02:20]} 29. Bb7
{[%clk 00:33:50]} {[%emt 00:04:11]} Rd8 {[%clk 00:41:13]} {[%emt 00:01:07]} 30.
Qc5 {[%clk 00:31:43]} {[%emt 00:02:35]} Bf6 {[%clk 00:33:25]} {[%emt 00:07:36]}
31. Bxa6 {[%clk 00:28:20]} {[%emt 00:03:31]} Bd3 {[%clk 00:30:20]} {[%emt
00:03:19]} 32. Bxd3 {[%clk 00:19:47]} {[%emt 00:08:40]} Nxd3 {[%clk 00:30:07]}
{[%emt 00:00:22]} 33. Qh5 {[%clk 00:18:18]} {[%emt 00:01:41]} Rd5 {[%clk
00:28:50]} {[%emt 00:01:28]} 34. Qf3 {[%clk 00:17:35]} {[%emt 00:00:51]} Ne5
{[%clk 00:28:17]} {[%emt 00:00:46]} 35. Qg3 {[%clk 00:17:08]} {[%emt 00:00:37]}
Rxa5 {[%clk 00:27:53]} {[%emt 00:00:33]} 36. Nc4 {[%clk 00:17:08]} {[%emt
00:00:05]} Qxa1 {[%clk 00:27:39]} {[%emt 00:00:21]} 37. Nxa5 {[%clk 00:16:12]}
{[%emt 00:01:06]} Qxa5 {[%clk 00:27:39]} {[%emt 00:00:12]} 38. f4 {[%clk
00:16:04]} {[%emt 00:00:22]} Qb6+ {[%emt 00:00:21]} 39. Kh1 {[%clk 00:16:04]}
{[%emt 00:00:09]} Ng6 {[%emt 00:00:29]} 0-1

[Event "2023 US National Elementary K-6 Championship"]
[Site "Baltimore, Maryland, United States"]
[Date "2023.05.14"]
[Round "6.6"]
[White "Sukhiashvili, Alexander"]
[Black "Chong, Hanford"]
[Result "1/2-1/2"]
[TimeControl "G/90; d10"]
[WhiteElo "1651"]
[BlackElo "1814"]

1. e4 {[%clk 01:30:00]} {[%emt 00:00:10]} e5 {[%clk 01:30:00]} 2. Nf3 {[%clk
01:30:00]} {[%emt 00:00:03]} Nc6 {[%clk 01:30:00]} {[%emt 00:00:09]} 3. Bc4
{[%clk 01:30:00]} {[%emt 00:00:11]} Bc5 {[%clk 01:30:00]} {[%emt 00:00:04]} 4.
c3 {[%clk 01:28:37]} {[%emt 00:01:31]} Nf6 {[%clk 01:29:25]} {[%emt 00:00:51]}
5. d3 {[%clk 01:28:18]} {[%emt 00:00:32]} O-O {[%clk 01:29:06]} {[%emt
00:00:26]} 6. O-O {[%clk 01:28:18]} {[%emt 00:00:36]} d6 {[%clk 01:28:22]}
{[%emt 00:00:23]} 7. h3 {[%clk 01:28:17]} {[%emt 00:00:11]} h6 {[%clk
01:28:22]} {[%emt 00:00:21]} 8. Be3 {[%clk 01:27:39]} {[%emt 00:00:58]} Bb6
{[%clk 01:26:54]} {[%emt 00:01:14]} 9. Bxb6 {[%clk 01:27:13]} {[%emt 00:00:38]}
axb6 {[%clk 01:26:54]} {[%emt 00:00:07]} 10. Nbd2 {[%clk 01:27:01]} {[%emt
00:00:40]} Be6 {[%clk 01:26:10]} {[%emt 00:00:36]} 11. Re1 {[%clk 01:26:09]}
{[%emt 00:01:01]} Re8 {[%emt 00:12:05]} 12. b4 {[%clk 01:17:02]} Bxc4 {[%clk
01:21:55]} {[%emt 00:01:54]} 13. dxc4 {[%clk 01:13:13]} {[%emt 00:03:56]} Qe7
{[%clk 01:17:19]} {[%emt 00:04:45]} 14. Qc2 {[%clk 01:12:49]} {[%emt 00:00:31]}
Nd8 {[%clk 01:14:10]} {[%emt 00:03:23]} 15. Nf1 {[%clk 01:11:29]} {[%emt
00:01:27]} Ne6 {[%clk 01:13:34]} {[%emt 00:00:49]} 16. Ne3 {[%clk 01:02:40]}
{[%emt 00:08:59]} Rad8 {[%clk 01:08:22]} {[%emt 00:05:22]} 17. a4 {[%clk
01:01:49]} {[%emt 00:01:00]} c6 {[%clk 01:06:18]} {[%emt 00:02:12]} 18. Red1
{[%clk 01:00:42]} {[%emt 00:01:17]} Nc7 {[%clk 01:05:21]} {[%emt 00:01:27]} 19.
a5 {[%clk 00:55:39]} {[%emt 00:04:56]} b5 {[%clk 01:04:25]} {[%emt 00:01:05]}
20. cxb5 {[%clk 00:50:11]} {[%emt 00:05:36]} Nxb5 {[%clk 01:04:22]} {[%emt
00:00:36]} 21. Nf5 {[%clk 00:46:53]} {[%emt 00:03:05]} Qe6 {[%clk 01:01:50]}
{[%emt 00:02:40]} 22. c4 {[%clk 00:46:18]} {[%emt 00:00:46]} Nc7 {[%clk
01:00:22]} {[%emt 00:01:41]} 23. Re1 {[%clk 00:44:41]} {[%emt 00:01:45]} Na6
{[%clk 00:58:33]} {[%emt 00:02:00]} 24. Rab1 {[%clk 00:44:00]} {[%emt
00:00:53]} c5 {[%clk 00:57:04]} {[%emt 00:01:36]} 25. b5 {[%clk 00:39:49]}
{[%emt 00:04:22]} Nb4 {[%clk 00:56:43]} {[%emt 00:00:32]} 26. Qc3 {[%clk
00:36:37]} {[%emt 00:03:19]} Nxe4 {[%clk 00:53:57]} {[%emt 00:02:55]} 27. Nxh6+
{[%clk 00:35:34]} {[%emt 00:01:13]} Qxh6 {[%clk 00:53:57]} {[%emt 00:00:14]} 28.
Rxe4 {[%clk 00:35:33]} {[%emt 00:00:40]} f5 {[%clk 00:53:40]} {[%emt 00:00:04]}
29. Ree1 {[%clk 00:35:33]} {[%emt 00:00:03]} Re6 {[%clk 00:50:54]} {[%emt
00:02:50]} 30. Re2 {[%clk 00:28:15]} {[%emt 00:07:52]} Rg6 {[%clk 00:48:23]}
{[%emt 00:02:16]} 31. Ne1 {[%clk 00:26:55]} {[%emt 00:01:45]} Qg5 {[%clk
00:46:52]} {[%emt 00:01:26]} 32. Kh2 {[%clk 00:25:46]} {[%emt 00:01:12]} Rf8
{[%clk 00:43:21]} {[%emt 00:03:49]} 33. Qe3 {[%clk 00:24:11]} {[%emt 00:01:43]}
Qh4 {[%clk 00:36:43]} {[%emt 00:03:43]} 34. Nf3 {[%clk 00:21:41]} {[%emt
00:06:03]} Qxc4 {[%clk 00:35:56]} {[%emt 00:00:41]} 35. Qb3 {[%clk 00:21:36]}
{[%emt 00:00:38]} Qxb3 {[%clk 00:35:26]} {[%emt 00:00:15]} 36. Rxb3 {[%clk
00:21:36]} {[%emt 00:00:13]} Ra8 {[%clk 00:34:37]} {[%emt 00:00:53]} 37. Ra3
{[%clk 00:21:32]} {[%emt 00:00:46]} e4 {[%clk 00:33:34]} {[%emt 00:00:37]} 38.
Nd2 {[%clk 00:21:11]} {[%emt 00:00:33]} d5 {[%clk 00:32:22]} {[%emt 00:01:21]}
39. Nb3 {[%clk 00:21:10]} {[%emt 00:00:13]} c4 {[%clk 00:31:55]} {[%emt
00:00:34]} 40. Nd4 {[%clk 00:21:04]} {[%emt 00:00:17]} Rf6 {[%emt 00:02:25]} 41.
Rb2 {[%clk 00:19:48]} Nd3 {[%clk 00:31:00]} {[%emt 00:00:16]} 42. Rba2 {[%clk
00:19:41]} {[%emt 00:00:16]} Nc5 {[%clk 00:30:23]} {[%emt 00:00:48]} 43. Kg1
{[%clk 00:19:08]} {[%emt 00:00:55]} g5 {[%clk 00:29:43]} {[%emt 00:00:37]} 44.
Kf1 {[%clk 00:18:41]} {[%emt 00:00:37]} Kf7 {[%clk 00:29:09]} {[%emt 00:00:47]}
45. Ke2 {[%clk 00:17:58]} {[%emt 00:00:51]} Ke7 {[%clk 00:28:28]} {[%emt
00:00:51]} 46. Rg3 {[%clk 00:15:49]} {[%emt 00:02:34]} Kd6 {[%clk 00:27:16]}
{[%emt 00:01:06]} 47. Rxg5 {[%clk 00:13:19]} {[%emt 00:02:41]} Ke5 {[%clk
00:26:43]} {[%emt 00:00:42]} 48. Ke3 {[%clk 00:13:19]} {[%emt 00:00:18]} Ne6
{[%clk 00:25:40]} {[%emt 00:01:24]} 49. Nxe6 {[%clk 00:13:04]} {[%emt
00:00:06]} Rxe6 {[%clk 00:24:44]} {[%emt 00:01:01]} 50. g4 {[%clk 00:12:01]}
{[%emt 00:01:13]} d4+ {[%clk 00:24:32]} {[%emt 00:00:22]} 51. Ke2 {[%clk
00:11:53]} {[%emt 00:00:34]} Rf6 {[%clk 00:24:24]} {[%emt 00:00:06]} 52. Ra4
{[%clk 00:10:13]} {[%emt 00:01:47]} c3 {[%clk 00:23:40]} {[%emt 00:00:53]} 53.
Rxf5+ {[%clk 00:09:21]} {[%emt 00:01:02]} Rxf5 {[%clk 00:23:40]} {[%emt
00:00:12]} 54. gxf5 {[%clk 00:09:21]} d3+ {[%clk 00:23:40]} {[%emt 00:00:12]}
55. Kd1 {[%clk 00:09:21]} {[%emt 00:00:10]} Rc8 {[%clk 00:23:04]} {[%emt
00:00:40]} 56. Ra1 {[%clk 00:09:16]} {[%emt 00:00:25]} Kxf5 {[%clk 00:22:48]}
{[%emt 00:00:15]} 57. a6 {[%clk 00:09:02]} {[%emt 00:00:30]} bxa6 {[%clk
00:22:46]} {[%emt 00:00:07]} 58. bxa6 {[%clk 00:09:02]} {[%emt 00:00:08]} Kf4
{[%clk 00:22:44]} {[%emt 00:00:33]} 59. a7 {[%clk 00:09:02]} Ra8 {[%clk
00:22:44]} {[%emt 00:00:07]} 60. Ra3 {[%clk 00:06:39]} {[%emt 00:02:16]} c2+
{[%clk 00:22:31]} {[%emt 00:00:30]} 61. Kd2 {[%clk 00:06:39]} Kf3 {[%clk
00:22:20]} {[%emt 00:00:21]} 62. Ra4 {[%clk 00:04:57]} {[%emt 00:01:48]} Kxf2
{[%clk 00:21:01]} {[%emt 00:01:29]} 63. Rxe4 {[%clk 00:04:57]} {[%emt
00:00:45]} Rxa7 {[%clk 00:20:57]} 64. Re1 {[%clk 00:04:57]} Rd7 {[%clk
00:19:27]} {[%emt 00:01:45]} 65. h4 {[%clk 00:04:54]} {[%emt 00:00:03]} Rd5
{[%clk 00:19:15]} {[%emt 00:00:05]} 66. Rc1 {[%clk 00:04:37]} {[%emt 00:00:24]}
Kf3 {[%clk 00:18:57]} {[%emt 00:00:42]} 67. h5 {[%clk 00:04:35]} {[%emt
00:00:04]} Ke4 {[%clk 00:18:57]} {[%emt 00:00:03]} 68. Re1+ {[%clk 00:04:35]}
Kd4 {[%clk 00:18:23]} {[%emt 00:00:41]} 69. Rh1 {[%clk 00:04:35]} {[%emt
00:00:35]} Kc4 {[%clk 00:17:28]} {[%emt 00:00:32]} 70. h6 {[%clk 00:04:35]}
{[%emt 00:00:37]} Rd8 {[%clk 00:17:28]} 71. h7 {[%clk 00:04:35]} Rh8 {[%clk
00:17:28]} 72. Rh4+ {[%clk 00:04:35]} {[%emt 00:00:04]} Kb3 {[%clk 00:17:12]}
{[%emt 00:00:24]} 73. Rh6 {[%clk 00:04:27]} {[%emt 00:00:45]} Ka4 {[%clk
00:15:47]} {[%emt 00:01:08]} 74. Rh3 {[%clk 00:04:24]} {[%emt 00:00:15]} Kb3
{[%emt 00:00:15]} 75. Rh6 1/2-1/2

[Event "2023 US National Elementary K-6 Championship"]
[Site "Baltimore, Maryland, United States"]
[Date "2023.05.14"]
[Round "6.13"]
[White "Mansurov, Yusuf"]
[Black "Nieder, Will"]
[Result "1-0"]
[TimeControl "G/90; d10"]
[WhiteElo "2045"]
[BlackElo "1647"]

1. e4 {[%clk 01:30:00]} {[%emt 00:00:01]} e6 {[%clk 01:30:00]} {[%emt
00:00:08]} 2. d4 {[%clk 01:30:00]} {[%emt 00:00:07]} d5 {[%clk 01:29:58]}
{[%emt 00:00:12]} 3. Nd2 {[%clk 01:30:00]} {[%emt 00:00:05]} Nf6 {[%clk
01:29:55]} {[%emt 00:00:13]} 4. e5 {[%clk 01:30:00]} {[%emt 00:00:05]} Nfd7
{[%clk 01:29:55]} {[%emt 00:00:04]} 5. Bd3 {[%clk 01:30:00]} {[%emt 00:00:07]}
c5 {[%clk 01:29:51]} {[%emt 00:00:14]} 6. c3 {[%clk 01:30:00]} {[%emt
00:00:06]} Nc6 {[%clk 01:29:50]} {[%emt 00:00:11]} 7. Ne2 {[%clk 01:30:00]}
{[%emt 00:00:08]} cxd4 {[%clk 01:27:29]} {[%emt 00:02:32]} 8. cxd4 {[%clk
01:30:00]} {[%emt 00:00:09]} f6 {[%clk 01:27:25]} {[%emt 00:00:13]} 9. exf6
{[%clk 01:30:00]} {[%emt 00:00:08]} Nxf6 {[%clk 01:27:25]} {[%emt 00:00:04]} 10.
O-O {[%clk 01:28:35]} {[%emt 00:01:33]} Bd6 {[%clk 01:24:39]} {[%emt 00:02:57]}
11. Nf3 {[%clk 01:28:24]} {[%emt 00:00:22]} O-O {[%clk 01:23:28]} {[%emt
00:01:21]} 12. Bf4 {[%clk 01:27:25]} {[%emt 00:01:09]} Ng4 {[%clk 01:18:59]}
{[%emt 00:04:39]} 13. g3 {[%clk 01:24:30]} {[%emt 00:03:05]} e5 {[%clk
01:15:20]} {[%emt 00:03:50]} 14. dxe5 {[%clk 01:21:10]} {[%emt 00:03:30]} Ncxe5
{[%clk 01:13:54]} {[%emt 00:01:35]} 15. Nxe5 {[%clk 01:17:38]} {[%emt
00:03:42]} Nxe5 {[%clk 01:13:01]} {[%emt 00:01:03]} 16. Bc2 {[%clk 01:15:53]}
{[%emt 00:01:56]} Bc7 {[%clk 00:55:55]} {[%emt 00:17:16]} 17. Bb3 {[%clk
01:14:17]} {[%emt 00:01:45]} Be6 {[%clk 00:54:07]} {[%emt 00:01:58]} 18. Nc3
{[%clk 01:12:04]} {[%emt 00:02:23]} Rxf4 {[%clk 00:45:13]} {[%emt 00:09:05]} 19.
gxf4 {[%clk 01:11:18]} {[%emt 00:00:56]} Qh4 {[%clk 00:43:28]} {[%emt
00:01:55]} 20. Bxd5 {[%clk 01:10:14]} {[%emt 00:01:14]} Qxf4 {[%clk 00:43:07]}
{[%emt 00:00:31]} 21. Bxe6+ {[%clk 01:04:46]} {[%emt 00:05:38]} Kh8 {[%clk
00:42:49]} {[%emt 00:00:28]} 22. f3 {[%clk 01:02:58]} {[%emt 00:01:57]} Rf8
{[%clk 00:34:24]} {[%emt 00:08:35]} 23. Qe2 {[%clk 00:46:16]} {[%emt 00:16:53]}
Rf6 {[%clk 00:31:28]} {[%emt 00:03:06]} 24. Bg4 {[%clk 00:40:42]} {[%emt
00:05:43]} h5 {[%clk 00:28:21]} {[%emt 00:03:17]} 25. Bh3 {[%clk 00:38:24]}
{[%emt 00:02:27]} Rg6+ {[%clk 00:27:32]} {[%emt 00:01:01]} 26. Kh1 {[%clk
00:37:23]} {[%emt 00:01:10]} Qh4 {[%clk 00:24:46]} {[%emt 00:02:53]} 27. f4
{[%clk 00:30:40]} {[%emt 00:06:56]} Ng4 {[%clk 00:23:24]} {[%emt 00:01:33]} 28.
Bxg4 {[%clk 00:27:50]} {[%emt 00:03:00]} hxg4 {[%clk 00:22:24]} {[%emt
00:01:10]} 29. Ne4 {[%clk 00:25:44]} {[%emt 00:02:14]} Rh6 {[%clk 00:21:09]}
{[%emt 00:01:27]} 30. Ng5 {[%clk 00:25:04]} {[%emt 00:00:50]} Qh5 {[%clk
00:20:33]} {[%emt 00:00:46]} 31. Rac1 {[%emt 00:02:54]} 1-0

[Event "2023 US National Elementary K-6 Championship"]
[Site "Baltimore, Maryland, United States"]
[Date "2023.05.14"]
[Round "6.16"]
[White "Wang, Ted"]
[Black "Mulay, Vivan"]
[Result "1-0"]
[TimeControl "G/90; d10"]
[WhiteElo "1900"]
[BlackElo "1745"]

1. e4 {[%clk 01:30:00]} {[%emt 00:00:02]} c5 {[%clk 01:30:00]} {[%emt
00:00:10]} 2. Nf3 {[%clk 01:30:00]} {[%emt 00:00:05]} d6 {[%clk 01:30:00]}
{[%emt 00:00:08]} 3. c3 {[%clk 01:30:00]} {[%emt 00:00:04]} Nf6 {[%clk
01:30:00]} {[%emt 00:00:03]} 4. Be2 {[%clk 01:30:00]} {[%emt 00:00:01]} e6
{[%clk 01:30:00]} {[%emt 00:00:08]} 5. O-O {[%clk 01:29:35]} {[%emt 00:00:35]}
Be7 {[%emt 00:01:11]} 6. Qc2 {[%clk 01:28:47]} {[%emt 00:00:10]} Nc6 {[%clk
01:28:00]} {[%emt 00:01:58]} 7. d4 {[%clk 01:28:25]} {[%emt 00:00:30]} cxd4
{[%clk 01:27:52]} {[%emt 00:00:20]} 8. cxd4 {[%clk 01:27:14]} {[%emt 00:01:21]}
d5 {[%clk 01:27:52]} {[%emt 00:00:05]} 9. e5 {[%clk 01:27:10]} {[%emt
00:00:14]} Ne4 {[%clk 01:26:55]} {[%emt 00:01:07]} 10. Nc3 {[%clk 01:26:47]}
{[%emt 00:00:34]} Nxc3 {[%clk 01:26:10]} {[%emt 00:00:53]} 11. bxc3 {[%clk
01:26:47]} {[%emt 00:00:09]} Bd7 {[%clk 01:24:56]} {[%emt 00:01:24]} 12. Be3
{[%clk 01:24:15]} {[%emt 00:02:42]} Rc8 {[%clk 01:24:52]} {[%emt 00:00:13]} 13.
Rab1 {[%clk 01:19:49]} {[%emt 00:04:37]} Na5 {[%clk 01:23:57]} {[%emt
00:01:05]} 14. Bd3 {[%clk 01:13:31]} {[%emt 00:06:27]} h6 {[%clk 01:21:53]}
{[%emt 00:02:14]} 15. Nd2 {[%clk 01:11:01]} {[%emt 00:02:41]} Qc7 {[%clk
01:21:42]} {[%emt 00:00:20]} 16. Rbc1 {[%clk 01:05:15]} {[%emt 00:05:57]} Ba3
{[%clk 01:20:15]} {[%emt 00:01:37]} 17. Rcd1 {[%clk 01:05:15]} {[%emt
00:00:10]} a6 {[%clk 01:18:59]} {[%emt 00:01:26]} 18. f4 {[%clk 01:01:43]}
{[%emt 00:03:42]} O-O {[%clk 01:03:10]} {[%emt 00:15:58]} 19. Nb1 {[%clk
00:58:39]} {[%emt 00:03:14]} Be7 {[%clk 01:02:18]} {[%emt 00:01:02]} 20. f5
{[%clk 00:55:50]} {[%emt 00:03:00]} exf5 {[%clk 01:01:10]} {[%emt 00:01:17]} 21.
Bxf5 {[%clk 00:55:32]} {[%emt 00:00:27]} Nc4 {[%clk 01:00:47]} {[%emt
00:00:33]} 22. Bf4 {[%clk 00:53:25]} {[%emt 00:02:07]} Bg5 {[%clk 00:54:39]}
{[%emt 00:06:28]} 23. Bxg5 {[%clk 00:47:33]} {[%emt 00:06:02]} hxg5 {[%clk
00:54:36]} {[%emt 00:00:13]} 24. Qe2 {[%clk 00:47:03]} {[%emt 00:00:39]} Rce8
{[%clk 00:46:20]} {[%emt 00:08:28]} 25. Bd3 {[%clk 00:43:36]} {[%emt 00:03:37]}
f5 {[%clk 00:42:28]} {[%emt 00:03:59]} 26. Bxc4 {[%clk 00:41:36]} {[%emt
00:02:13]} dxc4 {[%clk 00:38:12]} {[%emt 00:04:25]} 27. Qh5 {[%clk 00:38:44]}
{[%emt 00:03:00]} Ba4 {[%clk 00:34:16]} {[%emt 00:04:08]} 28. Rde1 {[%clk
00:37:24]} {[%emt 00:01:30]} Qe7 {[%clk 00:31:38]} {[%emt 00:02:48]} 29. Qe2
{[%clk 00:37:23]} {[%emt 00:00:10]} Bb5 {[%clk 00:29:47]} {[%emt 00:02:03]} 30.
a4 {[%clk 00:37:15]} {[%emt 00:00:17]} Bd7 {[%clk 00:29:26]} {[%emt 00:00:21]}
31. Qxc4+ {[%clk 00:36:59]} {[%emt 00:00:37]} Qf7 {[%clk 00:29:19]} {[%emt
00:00:15]} 32. d5 {[%clk 00:36:44]} {[%emt 00:00:26]} b5 {[%clk 00:28:55]}
{[%emt 00:00:34]} 33. Qd4 {[%clk 00:36:44]} {[%emt 00:00:08]} Bc8 {[%clk
00:27:57]} {[%emt 00:01:07]} 34. a5 {[%clk 00:33:54]} {[%emt 00:03:03]} Bb7
{[%clk 00:27:39]} {[%emt 00:00:28]} 35. e6 {[%clk 00:33:37]} {[%emt 00:00:26]}
Qf6 {[%clk 00:26:06]} {[%emt 00:01:43]} 36. Re5 {[%clk 00:32:48]} {[%emt
00:00:58]} f4 {[%clk 00:24:41]} {[%emt 00:01:36]} 37. Nd2 {[%clk 00:32:05]}
{[%emt 00:00:53]} Qd8 {[%clk 00:21:11]} {[%emt 00:03:40]} 38. d6 {[%clk
00:31:46]} {[%emt 00:00:30]} Qxa5 {[%clk 00:19:58]} {[%emt 00:01:23]} 39. Rxg5
{[%clk 00:31:46]} {[%emt 00:00:08]} Re7 {[%clk 00:19:38]} {[%emt 00:00:30]} 40.
dxe7 {[%clk 00:31:46]} {[%emt 00:00:06]} Rf7 {[%clk 00:19:38]} {[%emt
00:00:01]} 41. Qxg7+ {[%clk 00:31:32]} {[%emt 00:00:24]} Rxg7 {[%clk 00:19:38]}
{[%emt 00:00:03]} 42. e8=Q+ {[%clk 00:31:32]} {[%emt 00:00:10]} Kh7 {[%clk
00:19:38]} {[%emt 00:00:03]} 43. Rh5# {[%clk 00:31:32]} {[%emt 00:00:07]} 1-0